000
00328nam a2200133Ia 4500
008
240624s9999 xx 000 0 und d
041
_a
eng
082
_a
330 STR
100
_a
STRACCA LIVIO
245
_a
ECONOMICS OF CENTRAL BANKING
260
_c
2018
_a
London
_b
Routledge
300
_a
vii, 135 p.; 23 cm.
365
_c
BPS
_b
35
999
_c
31567
_d
31567